Provinces of South Africa - Statistics

General Stats
  • This quiz has been taken 819 times
  • The average score is 7 of 9
Answer Stats
Capital Province % Correct
Cape Town Western Cape
89%
Bhisho Eastern Cape
85%
Pietermaritzburg KwaZulu-Natal
80%
Johannesburg Gauteng
78%
Kimberley Northern Cape
76%
Bloemfontein Free State
75%
Polokwane Limpopo
64%
Mafikeng North West
57%
Nelspruit Mpumalanga
56%
No matching quizzes found
Score Distribution
Percent of People with Each Score
Percentile by Number Answered
Your Score History
You have not taken this quiz